000 00453nam a2200169Ia 4500
008 240729s9999 xx 000 0 und d
022 _a2571-8789
245 0 _aSoil Systems
260 _aSwitzerland
260 _bMDPI AG
650 _a Chemistry
650 _a Physical geography | Science
650 _aGeography. Anthropology. Recreation
856 _uhttps://doaj.org/toc/a778ae18c79a459fbebbcbc004e42ef2
942 _2ddc
942 _cDOAJEJ
999 _c73940
_d73940
945 _a1
_bMadushi Gamage
_c1
_dMadushi Gamage